Proti múčnatke jabloňovej

Bibliographic Details
Main Author: Molnár, J. (Author)
Format: Article
Language:Slovak
PhysicalDescription:Fotogr.
ISSN:0862-5565
Subjects:

MARC

LEADER 00000nab a2200000 a 4500
001 vtls000702664
003 SK-MaSNL
005 20260303200034.0
008 180207c1999 xo 0 slo
015 |a SNBRB1999/09-19621 
035 |a CLN000054831 
040 |a SNKBUCL  |b slo  |c SNKBUCL  |e AACR2 
041 0 |a slo 
044 |a xo  |c SK 
080 |a 632.482:634.11  |2 UDC-MRF-SK2 
080 |a 634.11  |2 UDC-MRF-SK2 
100 1 |a Molnár, J.  |4 aut  |9 518348 
245 1 0 |a Proti múčnatke jabloňovej  |c J. Molnár 
300 |b Fotogr. 
650 0 7 |a jablone  |x múčnatka jablone  |2 snkbucl  |9 1229741 
650 0 7 |a múčnatka jabloňová  |2 snkbucl  |9 17314 
655 7 |a články z novín a časopisov  |2 snkbucl  |9 267496 
773 0 |x 0862-5565  |t Záhradkár  |g Roč. 35, č. 7 (1999), s. 10 
850 |a Slovenská národná knižnica v Martine 
852 |a SNK  |b KIS3GCP 
958 |a RBX 
999 |c 2166047  |d 2167977